000
00207 a2200097 4500
001
4720
100
_a
Kosch,A
245
_a
Young specialist looks at seaschore
260
_a
_b
Bweke
_c
090
_c
3913
_d
3913
942
_a
NUST-CAE
_c
M
_c
30171
999
_c
239793
_d
239793